Guess 8 nigerian footballers by image - Statistics

General Stats
  • This quiz has been taken 132 times
  • The average score is 6 of 8
Answer Stats
Picture Answer % Correct
Victor Osimhen
90%
Victor Moses
82%
Wilfred Ndidi
79%
Alex Iwobi
76%
Jay-Jay Okocha
72%
Kelechi Iheanacho
67%
John Obi Mikel
64%
Nwankwo Kanu
55%
No matching quizzes found
Score Distribution
Percent of People with Each Score
Percentile by Number Answered
Your Score History
You have not taken this quiz